Analýza konvergencie slovenskej ekonomiky
Otázky nominálnej a reálnej konvergenie na Slovensku. Porovnanie konvergenčného procesu v nových členských krajinách EÚ a hodnotenie dlhodobého plnenia maastrichtských kritérií po zavedení eura v krajinách eurozóny.
Enregistré dans:
| Auteur principal: | |
|---|---|
| Format: | Chapitre de livre |
| Langue: | slovaque |
| Sujets: | |
| Tags: |
Pas de tags, Soyez le premier à ajouter un tag!
|
MARC
| LEADER | 00000naa$a2200000$$$4500 | ||
|---|---|---|---|
| 001 | 0081981 | ||
| 005 | 20230718095051.8 | ||
| 041 | 0 | |a slo | |
| 044 | |a SK | ||
| 245 | 1 | 0 | |a Analýza konvergencie slovenskej ekonomiky |c Tibor Lalinský |
| 520 | |a Otázky nominálnej a reálnej konvergenie na Slovensku. Porovnanie konvergenčného procesu v nových členských krajinách EÚ a hodnotenie dlhodobého plnenia maastrichtských kritérií po zavedení eura v krajinách eurozóny. | ||
| 610 | 2 | 0 | |a Slovensko |
| 610 | 2 | 0 | |a eurozóna |
| 610 | 2 | 0 | |a vývoj hospodársky |
| 610 | 2 | 0 | |a Európska menová únia |
| 610 | 2 | 0 | |a euro |
| 610 | 2 | 0 | |a konvergencia |
| 100 | 1 | |a Lalinský, Tibor | |